[Event "WCO2014"]
[Site "Tromso"]
[Date "2014.08.03"]
[Round "2.23"]
[WhiteID "1501720"]
[White "Hansen Torbjorn Ringdal"]
[BlackID "14105730"]
[Black "Korobov Anton"]
[Result "1/2-1/2"]
[LiveChessVersion "1.4.3"]
[BlackElo "2680"]
[WhiteElo "2450"]

1. e4 {[%clk 1:30:57]} c5 {[%clk 1:30:52]} 2. Nf3 {[%clk 1:31:23]} e6
{[%clk 1:31:12]} 3. g3 {[%clk 1:31:38]} d5 {[%clk 1:31:08]} 4. exd5
{[%clk 1:31:42]} exd5 {[%clk 1:31:21]} 5. d4 {[%clk 1:31:50]} Nc6
{[%clk 1:30:53]} 6. Bg2 {[%clk 1:32:01]} Bg4 {[%clk 1:29:17]} 7. O-O
{[%clk 1:31:32]} cxd4 {[%clk 1:27:54]} 8. Qd3 {[%clk 1:17:40]} Bc5
{[%clk 1:21:30]} 9. c3 {[%clk 1:10:22]} Bxf3 {[%clk 1:12:48]} 10. Qxf3
{[%clk 1:08:58]} Nge7 {[%clk 1:11:57]} 11. cxd4 {[%clk 1:04:46]} Bxd4
{[%clk 1:11:58]} 12. Nc3 {[%clk 1:02:45]} O-O {[%clk 1:07:36]} 13. Nxd5
{[%clk 0:59:11]} Nxd5 {[%clk 0:52:57]} 14. Qxd5 {[%clk 0:59:22]} Qb6
{[%clk 0:50:34]} 15. Qb3 {[%clk 0:50:48]} Qxb3 {[%clk 0:47:25]} 16. axb3
{[%clk 0:51:12]} Rad8 {[%clk 0:46:26]} 17. Bxc6 {[%clk 0:47:40]} bxc6
{[%clk 0:45:42]} 18. Be3 {[%clk 0:48:00]} Bxe3 {[%clk 0:44:11]} 19. fxe3
{[%clk 0:48:25]} Rd3 {[%clk 0:44:15]} 20. Rxa7 {[%clk 0:48:25]} Rxb3
{[%clk 0:39:15]} 21. Rc7 {[%clk 0:48:03]} Rxb2 {[%clk 0:39:04]} 22. Rxc6
{[%clk 0:48:18]} Re2 {[%clk 0:39:19]} 23. Rc3 {[%clk 0:46:46]} Re8
{[%clk 0:35:20]} 24. Rfc1 {[%clk 0:45:52]} h6 {[%clk 0:33:26]} 25. Rc8
{[%clk 0:45:05]} R2xe3 {[%clk 0:33:43]} 26. Rxe8+ {[%clk 0:45:29]} Rxe8
{[%clk 0:34:08]} 27. Kf2 {[%clk 0:45:39]} Kh7 {[%clk 0:33:57]} 28. h4
{[%clk 0:45:29]} Kg6 {[%clk 0:32:52]} 29. Kf3 {[%clk 0:45:17]} Ra8
{[%clk 0:32:33]} 30. Rc6+ {[%clk 0:44:44]} f6 {[%clk 0:32:10]} 31. Rc7
{[%clk 0:44:34]} Ra3+ {[%clk 0:32:33]} 32. Kg2 {[%clk 0:44:40]} h5
{[%clk 0:26:33]} 33. Rb7 {[%clk 0:44:32]} Ra6 {[%clk 0:26:05]} 34. Kf3
{[%clk 0:44:19]} f5 {[%clk 0:26:09]} 35. Kf4 {[%clk 0:44:11]} Ra4+
{[%clk 0:26:06]} 36. Kf3 {[%clk 0:44:24]} Rg4 {[%clk 0:26:20]} 37. Rb6+
{[%clk 0:44:21]} Kf7 {[%clk 0:26:43]} 38. Rb7+ {[%clk 0:41:24]} Ke6
{[%clk 0:23:04]} 39. Rb6+ {[%clk 0:41:39]} Kd7 {[%clk 0:23:08]} 40. Rb5
{[%clk 0:41:48]} g6 {[%clk 0:23:24]} 41. Rb6 {[%clk 0:41:58]} Ke7
{[%clk 0:23:39]} 42. Ra6 {[%clk 0:42:07]} Kf7 {[%clk 0:23:26]} 43. Ra7+
{[%clk 0:42:06]} Kf6 {[%clk 0:23:05]} 44. Ra6+ {[%clk 0:42:30]} Ke5
{[%clk 0:21:45]} 45. Ra5+ {[%clk 0:42:46]} Kd4 {[%clk 0:21:34]} 46. Ra4+
{[%clk 0:43:02]} Ke5 {[%clk 0:20:23]} 47. Ra5+ {[%clk 0:43:26]} Kf6
{[%clk 0:20:47]} 48. Ra6+ {[%clk 0:43:52]} Kg7 {[%clk 0:21:12]} 49. Ra7+
{[%clk 0:44:09]} Kh6 {[%clk 0:21:35]} 50. Rf7 {[%clk 0:44:06]} Ra4
{[%clk 0:21:31]} 51. Ke3 {[%clk 0:44:14]} 1/2-1/2

[Event "WCO2014"]
[Site "Tromso"]
[Date "2014.08.03"]
[Round "2.43"]
[WhiteID "3900258"]
[White "Ynojosa Aponte Felix Jose"]
[BlackID "702293"]
[Black "Almasi Zoltan"]
[Result "0-1"]
[LiveChessVersion "1.4.3"]
[BlackElo "2690"]
[WhiteElo "2448"]

1. c4 {[%clk 1:30:57]} c5 {[%clk 1:28:52]} 2. Nc3 {[%clk 1:30:04]} g6
{[%clk 1:27:18]} 3. e3 {[%clk 1:28:29]} Nf6 {[%clk 1:25:51]} 4. d4
{[%clk 1:28:54]} cxd4 {[%clk 1:24:40]} 5. exd4 {[%clk 1:29:20]} d5
{[%clk 1:25:06]} 6. Bg5 {[%clk 1:15:37]} Ne4 {[%clk 1:19:54]} 7. Nxe4
{[%clk 1:11:44]} dxe4 {[%clk 1:20:19]} 8. Ne2 {[%clk 1:08:32]} Bg7
{[%clk 1:19:25]} 9. Qd2 {[%clk 1:05:17]} O-O {[%clk 1:13:19]} 10. Rd1
{[%clk 0:55:16]} Nc6 {[%clk 1:03:27]} 11. Be3 {[%clk 0:46:22]} Qc7
{[%clk 0:56:33]} 12. Nc3 {[%clk 0:39:20]} Rd8 {[%clk 0:52:49]} 13. Nb5
{[%clk 0:38:49]} Qb8 {[%clk 0:50:16]} 14. d5 {[%clk 0:33:52]} Ne5
{[%clk 0:41:37]} 15. Be2 {[%clk 0:32:01]} a6 {[%clk 0:35:35]} 16. Nc3
{[%clk 0:25:11]} Qc7 {[%clk 0:33:47]} 17. Na4 {[%clk 0:21:33]} Bg4
{[%clk 0:21:47]} 18. Bb6 {[%clk 0:15:13]} Qd7 {[%clk 0:22:13]} 19. Bxd8
{[%clk 0:14:14]} Rxd8 {[%clk 0:11:57]} 20. Nc5 {[%clk 0:09:16]} Qc8
{[%clk 0:11:50]} 21. Bxg4 {[%clk 0:07:24]} Qxg4 {[%clk 0:09:52]} 22. Qe2
{[%clk 0:07:46]} Qxg2 {[%clk 0:09:54]} 23. Qxe4 {[%clk 0:08:12]} Qh3
{[%clk 0:10:05]} 24. Nd3 {[%clk 0:04:01]} Nf3+ {[%clk 0:09:29]} 25. Ke2
{[%clk 0:04:28]} Nd4+ {[%clk 0:08:26]} 26. Kd2 {[%clk 0:04:52]} Qd7
{[%clk 0:07:50]} 27. b3 {[%clk 0:03:04]} e6 {[%clk 0:06:57]} 28. dxe6
{[%clk 0:02:29]} Nxe6 {[%clk 0:06:45]} 29. Kc2 {[%clk 0:02:12]} Qe7
{[%clk 0:05:55]} 30. Nc1 {[%clk 0:00:41]} Rc8 {[%clk 0:05:11]} 31. Ne2
{[%clk 0:00:32]} b5 {[%clk 0:04:34]} 32. Rd2 {[%clk 0:00:33]} bxc4
{[%clk 0:04:29]} 33. bxc4 {[%clk 0:00:32]} Qb4 {[%clk 0:04:12]} 34. Kd1
{[%clk 0:00:57]} Rxc4 {[%clk 0:04:26]} 35. Qa8+ {[%clk 0:01:18]} Bf8
{[%clk 0:04:50]} 36. Ke1 {[%clk 0:01:39]} Nd4 {[%clk 0:02:59]} 37. a3
{[%clk 0:00:33]} Nc2+ {[%clk 0:02:30]} 38. Kd1 {[%clk 0:01:01]} Qb1+
{[%clk 0:01:51]} 39. Nc1 {[%clk 0:01:27]} Nd4 {[%clk 0:01:57]} 40. Rxd4
{[%clk 0:01:43]} Qc2+ {[%clk 0:01:33]} 41. Re4 0-1

[Event "WCO2014"]
[Site "Tromso"]
[Date "2014.08.03"]
[Round "2.31"]
[WhiteID "3600734"]
[White "Munoz Sanchez Miguel"]
[BlackID "1007998"]
[Black "L'Ami Erwin"]
[Result "0-1"]
[LiveChessVersion "1.4.3"]
[BlackElo "2631"]
[WhiteElo "2296"]

1. d4 {[%clk 1:30:42]} Nf6 {[%clk 1:30:49]} 2. c4 {[%clk 1:31:02]} e6
{[%clk 1:30:59]} 3. Nf3 {[%clk 1:31:27]} b6 {[%clk 1:30:58]} 4. g3
{[%clk 1:31:24]} Bb7 {[%clk 1:30:57]} 5. Bg2 {[%clk 1:31:48]} Be7
{[%clk 1:30:46]} 6. O-O {[%clk 1:32:02]} O-O {[%clk 1:30:54]} 7. Nc3
{[%clk 1:32:24]} Ne4 {[%clk 1:30:34]} 8. Qc2 {[%clk 1:31:09]} Nxc3
{[%clk 1:29:53]} 9. bxc3 {[%clk 1:29:15]} Nc6 {[%clk 1:23:00]} 10. Ne5
{[%clk 1:21:42]} Na5 {[%clk 1:21:16]} 11. Bxb7 {[%clk 1:22:06]} Nxb7
{[%clk 1:21:38]} 12. Qa4 {[%clk 1:14:04]} d6 {[%clk 1:17:43]} 13. Nc6
{[%clk 1:11:50]} Qe8 {[%clk 1:15:58]} 14. d5 {[%clk 0:52:26]} Na5
{[%clk 1:12:26]} 15. Nxe7+ {[%clk 0:52:47]} Qxe7 {[%clk 1:12:50]} 16. Be3
{[%clk 0:47:40]} Qe8 {[%clk 1:10:57]} 17. Qb4 {[%clk 0:47:53]} c5
{[%clk 1:10:15]} 18. Qb5 {[%clk 0:46:16]} exd5 {[%clk 1:08:51]} 19. Rad1
{[%clk 0:41:14]} Nxc4 {[%clk 1:07:53]} 20. Qxe8 {[%clk 0:41:39]} Rfxe8
{[%clk 1:00:09]} 21. Rxd5 {[%clk 0:42:03]} Rad8 {[%clk 1:00:08]} 22. Rd3
{[%clk 0:39:00]} Kf8 {[%clk 0:54:25]} 23. Re1 {[%clk 0:33:16]} Nxe3
{[%clk 0:52:08]} 24. fxe3 {[%clk 0:32:46]} Re4 {[%clk 0:52:11]} 25. Red1
{[%clk 0:29:38]} Ke7 {[%clk 0:52:13]} 26. Kf2 {[%clk 0:29:56]} b5
{[%clk 0:51:09]} 27. Kf3 {[%clk 0:30:07]} Ra4 {[%clk 0:51:20]} 28. R1d2
{[%clk 0:30:26]} a5 {[%clk 0:48:14]} 29. e4 {[%clk 0:30:06]} f6 {[%clk 0:48:29]}
30. g4 {[%clk 0:27:59]} Ra3 {[%clk 0:46:44]} 31. Kf4 {[%clk 0:17:03]} Ke6
{[%clk 0:43:02]} 32. h4 {[%clk 0:16:48]} b4 {[%clk 0:38:17]} 33. c4
{[%clk 0:04:46]} Rxd3 {[%clk 0:37:44]} 34. exd3 {[%clk 0:05:13]} a4
{[%clk 0:37:22]} 35. Ke3 {[%clk 0:03:33]} Rb8 {[%clk 0:36:37]} 36. d4
{[%clk 0:00:55]} b3 {[%clk 0:34:27]} 37. axb3 {[%clk 0:01:21]} Rxb3+
{[%clk 0:34:04]} 38. Kf4 {[%clk 0:01:48]} cxd4 {[%clk 0:27:49]} 39. Rxd4
{[%clk 0:02:13]} Rb4 {[%clk 0:28:08]} 40. Rd5 {[%clk 0:00:32]} Rxc4
{[%clk 0:28:25]} 41. Ke3 {[%clk 0:00:59]} Rc5 {[%clk 0:27:11]} 42. Kd4 Ke5+ 0-1

[Event "WCO2014"]
[Site "Tromso"]
[Date "2014.08.03"]
[Round "2.2"]
[WhiteID "11600454"]
[White "Fridman Daniel"]
[BlackID "1500082"]
[Black "Djurhuus Rune"]
[Result "1-0"]
[LiveChessVersion "1.4.3"]
[BlackElo "2436"]
[WhiteElo "2639"]

1. d4 {[%clk 1:30:57]} Nf6 {[%clk 1:30:42]} 2. Nf3 {[%clk 1:31:21]} g6
{[%clk 1:30:49]} 3. c4 {[%clk 1:31:44]} Bg7 {[%clk 1:31:15]} 4. Nc3
{[%clk 1:32:10]} O-O {[%clk 1:31:18]} 5. g3 {[%clk 1:32:36]} d6 {[%clk 1:31:14]}
6. Bg2 {[%clk 1:33:00]} Nc6 {[%clk 1:31:27]} 7. O-O {[%clk 1:33:22]} a6
{[%clk 1:31:38]} 8. d5 {[%clk 1:32:20]} Na5 {[%clk 1:31:34]} 9. b3
{[%clk 1:32:42]} c5 {[%clk 1:31:03]} 10. dxc6 {[%clk 1:33:07]} Nxc6
{[%clk 1:29:12]} 11. Bb2 {[%clk 1:30:28]} Ne4 {[%clk 1:22:54]} 12. Qc1
{[%clk 1:28:01]} Nxc3 {[%clk 1:22:29]} 13. Bxc3 {[%clk 1:28:25]} Bxc3
{[%clk 1:18:43]} 14. Qxc3 {[%clk 1:28:35]} Qa5 {[%clk 1:18:50]} 15. Qe3
{[%clk 1:23:28]} Bg4 {[%clk 1:18:14]} 16. Rfd1 {[%clk 1:16:33]} Rac8
{[%clk 1:12:22]} 17. Nd4 {[%clk 1:04:55]} Rc7 {[%clk 1:05:35]} 18. Nxc6
{[%clk 0:50:20]} bxc6 {[%clk 1:05:24]} 19. Rd4 {[%clk 0:50:40]} Be6
{[%clk 0:58:45]} 20. Rh4 {[%clk 0:49:09]} h5 {[%clk 0:50:45]} 21. Bf3
{[%clk 0:42:50]} Qe5 {[%clk 0:40:28]} 22. Qxe5 {[%clk 0:41:38]} dxe5
{[%clk 0:40:53]} 23. Re4 {[%clk 0:41:21]} f6 {[%clk 0:40:14]} 24. c5
{[%clk 0:39:00]} Rd8 {[%clk 0:32:11]} 25. Ra4 {[%clk 0:39:12]} f5
{[%clk 0:28:38]} 26. e4 {[%clk 0:34:57]} Rd3 {[%clk 0:24:36]} 27. exf5
{[%clk 0:33:10]} gxf5 {[%clk 0:22:21]} 28. Bxh5 {[%clk 0:33:32]} Rc3
{[%clk 0:22:41]} 29. Rxa6 {[%clk 0:32:27]} Rxc5 {[%clk 0:23:03]} 30. b4
{[%clk 0:29:52]} Rc2 {[%clk 0:16:06]} 31. b5 {[%clk 0:27:22]} Bc4
{[%clk 0:16:22]} 32. Bd1 {[%clk 0:22:07]} Rc3 {[%clk 0:16:42]} 33. Rxc6
{[%clk 0:20:56]} Bxb5 {[%clk 0:17:05]} 34. Rxc7 {[%clk 0:19:44]} Rxc7
{[%clk 0:17:26]} 35. a4 {[%clk 0:20:05]} Ba6 {[%clk 0:17:41]} 36. Bf3
{[%clk 0:19:21]} e4 {[%clk 0:12:32]} 37. Bg2 {[%clk 0:17:29]} Bd3
{[%clk 0:12:56]} 38. a5 {[%clk 0:17:12]} Ra7 {[%clk 0:13:22]} 39. Bf1
{[%clk 0:14:09]} Ra6 {[%clk 0:13:46]} 40. Bxd3 {[%clk 0:11:49]} exd3
{[%clk 0:14:09]} 41. Kf1 {[%clk 0:12:15]} e5 {[%clk 0:12:57]} 42. f3
{[%clk 0:11:39]} Kf7 {[%clk 0:00:36]} 43. Kf2 {[%clk 0:11:45]} f4
{[%clk 0:26:56]} 44. gxf4 {[%clk 0:42:26]} exf4 {[%clk 0:27:22]} 45. Ke1
{[%clk 0:42:42]} Ke7 {[%clk 0:24:31]} 46. Kd2 {[%clk 0:42:43]} Rh6
{[%clk 0:24:37]} 47. a6 {[%clk 0:42:22]} Rxh2+ {[%clk 0:24:59]} 48. Kxd3
{[%clk 0:42:44]} Rh8 {[%clk 0:25:25]} 49. Ke4 {[%clk 0:42:22]} Kd7
{[%clk 0:25:40]} 50. a7 {[%clk 0:41:34]} Ra8 {[%clk 0:26:05]} 51. Kxf4
{[%clk 0:41:56]} Kc6 {[%clk 0:26:32]} 52. Ke4 Kd5+ 1-0

[Event "WCO2014"]
[Site "Tromso"]
[Date "2014.08.03"]
[Round "2.44"]
[WhiteID "13502956"]
[White "Zhigalko Sergei"]
[BlackID "7101384"]
[Black "Megaranto Susanto"]
[Result "0-1"]
[LiveChessVersion "1.4.3"]
[BlackElo "2527"]
[WhiteElo "2678"]

1. e4 {[%clk 1:30:57]} e5 {[%clk 1:30:54]} 2. Nf3 {[%clk 1:31:23]} Nc6
{[%clk 1:31:20]} 3. Bb5 {[%clk 1:31:50]} a6 {[%clk 1:31:11]} 4. Ba4
{[%clk 1:32:15]} Nf6 {[%clk 1:31:36]} 5. O-O {[%clk 1:32:40]} Be7
{[%clk 1:32:03]} 6. Re1 {[%clk 1:33:03]} b5 {[%clk 1:32:29]} 7. Bb3
{[%clk 1:33:30]} d6 {[%clk 1:32:38]} 8. c3 {[%clk 1:33:55]} O-O {[%clk 1:32:54]}
9. h3 {[%clk 1:34:21]} Nd7 {[%clk 1:32:44]} 10. d4 {[%clk 1:33:49]} Bf6
{[%clk 1:32:03]} 11. a4 {[%clk 1:30:58]} Rb8 {[%clk 1:30:39]} 12. axb5
{[%clk 1:25:31]} axb5 {[%clk 1:29:52]} 13. Be3 {[%clk 1:24:17]} Nb6
{[%clk 1:22:02]} 14. d5 {[%clk 0:55:01]} Ne7 {[%clk 1:22:18]} 15. Na3
{[%clk 0:55:28]} Bd7 {[%clk 1:19:19]} 16. Nc2 {[%clk 0:55:40]} Na4
{[%clk 1:19:03]} 17. Bxa4 {[%clk 0:52:12]} bxa4 {[%clk 1:19:31]} 18. Nb4
{[%clk 0:52:08]} Qc8 {[%clk 1:11:09]} 19. Nd2 {[%clk 0:51:19]} Bh4
{[%clk 1:05:13]} 20. Nf3 {[%clk 0:46:38]} Ng6 {[%clk 1:01:22]} 21. Nc6
{[%clk 0:46:44]} Bxc6 {[%clk 1:00:12]} 22. dxc6 {[%clk 0:47:10]} Rxb2
{[%clk 0:59:34]} 23. Qxa4 {[%clk 0:41:00]} h6 {[%clk 0:54:27]} 24. c4
{[%clk 0:30:59]} f5 {[%clk 0:47:58]} 25. c5 {[%clk 0:30:39]} f4 {[%clk 0:45:15]}
26. Bd2 {[%clk 0:30:04]} Qe6 {[%clk 0:44:01]} 27. cxd6 {[%clk 0:29:12]} Qxd6
{[%clk 0:43:33]} 28. Ra2 {[%clk 0:20:47]} Rfb8 {[%clk 0:19:59]} 29. Qc4+
{[%clk 0:20:18]} Kh7 {[%clk 0:20:23]} 30. Rxb2 {[%clk 0:20:27]} Rxb2
{[%clk 0:20:52]} 31. Qd5 {[%clk 0:20:37]} Rc2 {[%clk 0:19:38]} 32. Rc1
{[%clk 0:09:22]} Rxc1+ {[%clk 0:19:47]} 33. Bxc1 {[%clk 0:09:51]} Qb4
{[%clk 0:19:26]} 34. Bd2 {[%clk 0:05:44]} Qb1+ {[%clk 0:19:36]} 35. Be1
{[%clk 0:03:56]} Bf6 {[%clk 0:18:24]} 36. Kf1 {[%clk 0:02:06]} Qc2
{[%clk 0:17:19]} 37. Bb4 {[%clk 0:01:23]} Qb1+ {[%clk 0:14:36]} 38. Be1
{[%clk 0:01:52]} Ne7 {[%clk 0:14:23]} 39. Qc4 {[%clk 0:02:13]} Qb6
{[%clk 0:14:47]} 40. Bc3 {[%clk 0:02:02]} Qxc6 {[%clk 0:15:00]} 41. Qxc6
{[%clk 0:00:59]} Nxc6 {[%clk 0:15:28]} 42. Ke2 {[%clk 0:01:16]} Kg8
{[%clk 0:14:24]} 43. Kd3 {[%clk 0:01:32]} Kf7 {[%clk 0:14:41]} 44. Kc4
{[%clk 0:01:37]} Ke6 {[%clk 0:15:09]} 45. Kb5 {[%clk 0:29:54]} Nd8
{[%clk 0:44:53]} 46. Bb2 {[%clk 0:23:41]} h5 {[%clk 0:40:49]} 47. Nd2
{[%clk 0:22:54]} g5 {[%clk 0:37:11]} 48. f3 {[%clk 0:18:37]} Be7 {[%clk 0:33:45]}
49. Nc4 {[%clk 0:17:14]} Nf7 {[%clk 0:32:54]} 50. Kc6 {[%clk 0:17:18]} Bd6
{[%clk 0:33:20]} 51. Bc3 {[%clk 0:17:27]} Nh8 {[%clk 0:32:17]} 52. Be1
{[%clk 0:16:26]} Ng6 {[%clk 0:32:26]} 53. Bf2 {[%clk 0:16:27]} Ne7+
{[%clk 0:32:05]} 54. Kb5 {[%clk 0:15:19]} Ng8 {[%clk 0:32:08]} 55. Kc6
{[%clk 0:15:25]} Ne7+ {[%clk 0:29:54]} 56. Kb5 {[%clk 0:15:54]} Kd7
{[%clk 0:29:47]} 57. Be1 {[%clk 0:16:18]} Ng8 {[%clk 0:29:24]} 58. Bc3
{[%clk 0:16:30]} Ke6 {[%clk 0:29:29]} 59. Kc6 {[%clk 0:16:55]} g4
{[%clk 0:28:19]} 60. hxg4 {[%clk 0:10:59]} hxg4 {[%clk 0:28:46]} 61. fxg4
{[%clk 0:06:06]} Nf6 {[%clk 0:29:06]} 62. Nd2 {[%clk 0:06:18]} Nxg4
{[%clk 0:29:30]} 63. Nc4 {[%clk 0:03:40]} Ne3 {[%clk 0:19:28]} 64. Nxe3
{[%clk 0:04:02]} fxe3 {[%clk 0:19:50]} 65. Kb5 {[%clk 0:04:18]} Kf6
{[%clk 0:20:06]} 66. Kc4 {[%clk 0:04:08]} Kg5 {[%clk 0:20:29]} 67. Kd3
{[%clk 0:03:27]} Kf4 {[%clk 0:20:53]} 68. g3+ {[%clk 0:02:47]} Kf3
{[%clk 0:20:45]} 69. g4 {[%clk 0:03:16]} e2 {[%clk 0:20:40]} 70. g5
{[%clk 0:03:35]} Kf2 {[%clk 0:19:54]} 71. Kc4 {[%clk 0:00:45]} c6
{[%clk 0:20:05]} 72. g6 {[%clk 0:01:08]} Bf8 {[%clk 0:20:31]} 73. Kd4 0-1

[Event "WCO2014"]
[Site "Tromso"]
[Date "2014.08.03"]
[Round "2.33"]
[WhiteID "1205730"]
[White "Nevednichy Vladislav"]
[BlackID "9800069"]
[Black "Hoareau Benjamin"]
[Result "1-0"]
[LiveChessVersion "1.4.3"]
[BlackElo "1875"]
[WhiteElo "2554"]

1. c4 {[%clk 1:30:55]} f5 {[%clk 1:30:08]} 2. g3 {[%clk 1:30:59]} e5
{[%clk 1:30:12]} 3. Bg2 {[%clk 1:31:26]} Bc5 {[%clk 1:30:14]} 4. Nc3
{[%clk 1:31:42]} Nf6 {[%clk 1:29:37]} 5. d3 {[%clk 1:32:07]} Ng4 {[%clk 1:28:55]}
6. e3 {[%clk 1:32:27]} c6 {[%clk 1:28:06]} 7. d4 {[%clk 1:32:19]} Bb4
{[%clk 1:25:26]} 8. Nge2 {[%clk 1:32:43]} Qe7 {[%clk 1:23:12]} 9. h3
{[%clk 1:31:40]} Nf6 {[%clk 1:19:58]} 10. dxe5 {[%clk 1:32:06]} Qxe5
{[%clk 1:20:02]} 11. O-O {[%clk 1:32:31]} O-O {[%clk 1:18:54]} 12. Qc2
{[%clk 1:32:22]} d6 {[%clk 1:11:54]} 13. b3 {[%clk 1:32:45]} Ne4 {[%clk 1:10:03]}
14. Nxe4 {[%clk 1:32:08]} fxe4 {[%clk 1:10:22]} 15. Bb2 {[%clk 1:32:24]} Qh5
{[%clk 1:08:22]} 16. Nf4 {[%clk 1:32:12]} Qh6 {[%clk 1:08:06]} 17. h4
{[%clk 1:32:02]} Nd7 {[%clk 1:06:13]} 18. a3 {[%clk 1:32:22]} Ba5
{[%clk 1:06:07]} 19. Qxe4 {[%clk 1:27:57]} Nc5 {[%clk 1:04:29]} 20. Qc2
{[%clk 1:28:18]} Bc7 {[%clk 1:03:35]} 21. b4 {[%clk 1:28:01]} Ne6
{[%clk 1:01:37]} 22. Nh3 {[%clk 1:27:41]} a5 {[%clk 1:00:16]} 23. Rad1
{[%clk 1:27:01]} axb4 {[%clk 0:57:55]} 24. axb4 {[%clk 1:27:28]} Ra2
{[%clk 0:58:02]} 25. Qb3 {[%clk 1:27:37]} Rxb2 {[%clk 0:57:33]} 26. Qxb2
{[%clk 1:28:03]} g5 {[%clk 0:57:50]} 27. Nxg5 {[%clk 1:27:51]} Nxg5
{[%clk 0:55:04]} 28. hxg5 {[%clk 1:28:18]} Qxg5 {[%clk 0:54:22]} 29. Rd4
{[%clk 1:26:21]} Qg7 {[%clk 0:51:33]} 30. Qd2 {[%clk 1:25:27]} Rf5
{[%clk 0:40:07]} 31. Ra1 {[%clk 1:25:20]} c5 {[%clk 0:17:50]} 32. Ra8
{[%clk 1:25:46]} Rf8 {[%clk 0:17:02]} 33. Rf4 {[%clk 1:25:32]} Rd8
{[%clk 0:12:28]} 34. Bd5+ {[%clk 1:25:57]} Kh8 {[%clk 0:12:17]} 35. Rf7
{[%clk 1:26:22]} Qg6 {[%clk 0:11:24]} 36. Qb2+ {[%clk 1:27:18]} Kg8
{[%clk 0:10:24]} 37. Rd7+ {[%clk 1:27:44]} 1-0

[Event "WCO2014"]
[Site "Tromso"]
[Date "2014.08.03"]
[Round "2.40"]
[WhiteID "2209390"]
[White "Shirov Alexei"]
[BlackID "12800112"]
[Black "Sulskis Sarunas"]
[Result "1-0"]
[LiveChessVersion "1.4.3"]
[BlackElo "2544"]
[WhiteElo "2709"]

1. e4 {[%clk 1:30:56]} e5 {[%clk 1:30:50]} 2. Nf3 {[%clk 1:31:14]} Nc6
{[%clk 1:31:09]} 3. Bc4 {[%clk 1:31:34]} Nf6 {[%clk 1:26:01]} 4. Ng5
{[%clk 1:31:07]} d5 {[%clk 1:21:33]} 5. exd5 {[%clk 1:30:40]} Nxd5
{[%clk 1:20:27]} 6. Nxf7 {[%clk 0:58:39]} Kxf7 {[%clk 1:20:44]} 7. Qf3+
{[%clk 0:59:06]} Ke6 {[%clk 1:21:06]} 8. Nc3 {[%clk 0:59:32]} Ncb4
{[%clk 1:19:24]} 9. a3 {[%clk 0:55:40]} Nxc2+ {[%clk 1:11:12]} 10. Kd1
{[%clk 0:55:05]} Nxa1 {[%clk 1:11:05]} 11. Nxd5 {[%clk 0:53:38]} Kd6
{[%clk 1:03:08]} 12. d4 {[%clk 0:45:15]} Be6 {[%clk 0:47:41]} 13. Re1
{[%clk 0:41:50]} b5 {[%clk 0:37:21]} 14. Nb4 {[%clk 0:22:18]} bxc4
{[%clk 0:29:16]} 15. Qc6+ {[%clk 0:16:28]} Ke7 {[%clk 0:29:40]} 16. Bg5+
{[%clk 0:16:53]} Kf7 {[%clk 0:30:04]} 17. Bxd8 {[%clk 0:17:19]} Rxd8
{[%clk 0:19:47]} 18. Qxc7+ {[%clk 0:17:03]} Rd7 {[%clk 0:16:15]} 19. Qxe5
{[%clk 0:17:24]} Rd6 {[%clk 0:16:14]} 20. d5 {[%clk 0:16:59]} Bd7
{[%clk 0:15:02]} 21. Qf4+ {[%clk 0:15:36]} Kg8 {[%clk 0:14:01]} 22. Qxc4
{[%clk 0:15:49]} a5 {[%clk 0:12:39]} 23. Nd3 {[%clk 0:14:16]} a4 {[%clk 0:12:34]}
24. Nc5 {[%clk 0:13:14]} h5 {[%clk 0:08:11]} 25. Nxd7 {[%clk 0:11:51]} Rxd7
{[%clk 0:08:26]} 26. d6+ {[%clk 0:06:42]} Kh7 {[%clk 0:08:43]} 27. Re6
{[%clk 0:07:04]} g6 {[%clk 0:05:59]} 28. Rxg6 {[%clk 0:06:19]} 1-0

[Event "WCO2014"]
[Site "Tromso"]
[Date "2014.08.03"]
[Round "2.11"]
[WhiteID "10201955"]
[White "Minhazuddin Ahmed"]
[BlackID "3409350"]
[Black "Henriquez Villagra Cristobal"]
[Result "1-0"]
[LiveChessVersion "1.4.3"]
[BlackElo "2457"]
[WhiteElo "2418"]

1. e4 {[%clk 1:30:57]} c5 {[%clk 1:30:48]} 2. Nf3 {[%clk 1:31:23]} d6
{[%clk 1:31:03]} 3. Bb5+ {[%clk 1:31:41]} Nd7 {[%clk 1:30:41]} 4. c3
{[%clk 1:29:29]} Ngf6 {[%clk 1:29:31]} 5. Qe2 {[%clk 1:28:52]} a6
{[%clk 1:23:38]} 6. Ba4 {[%clk 1:28:57]} e5 {[%clk 1:23:34]} 7. d3
{[%clk 1:26:14]} Be7 {[%clk 1:23:54]} 8. Nbd2 {[%clk 1:23:57]} O-O
{[%clk 1:23:48]} 9. Nf1 {[%clk 1:24:00]} b5 {[%clk 1:17:50]} 10. Bb3
{[%clk 1:17:16]} Bb7 {[%clk 1:15:34]} 11. Ng3 {[%clk 1:17:40]} d5
{[%clk 1:09:43]} 12. Bc2 {[%clk 1:10:41]} Re8 {[%clk 1:05:34]} 13. O-O
{[%clk 1:08:40]} Bf8 {[%clk 1:05:27]} 14. Nf5 {[%clk 1:05:53]} Qc7
{[%clk 1:00:33]} 15. N3h4 {[%clk 0:58:22]} dxe4 {[%clk 0:54:33]} 16. dxe4
{[%clk 0:58:42]} Qc6 {[%clk 0:54:49]} 17. Re1 {[%clk 0:47:09]} c4
{[%clk 0:54:28]} 18. Qf3 {[%clk 0:38:39]} Nc5 {[%clk 0:52:27]} 19. Qg3
{[%clk 0:36:12]} Kh8 {[%clk 0:52:06]} 20. Nf3 {[%clk 0:33:41]} Nfxe4
{[%clk 0:44:10]} 21. Rxe4 {[%clk 0:03:23]} Nxe4 {[%clk 0:44:22]} 22. Qh4
{[%clk 0:03:48]} g6 {[%clk 0:26:24]} 23. Bxe4 {[%clk 0:04:02]} Red8
{[%clk 0:10:25]} 24. Be3 1-0